000
00254nam a2200109Ia 4500
008
191206s9999 xx 000 0 und d
020
_a
70372322
090
_a
ML1950.L38
245
4
_a
The musical theatre
260
_a
library of congress
260
_c
c1987
999
_c
17108
_d
17108